Представление документа в формате RUSMARC

Поле Инд. ПП Название Значение
Тип записи a
Библиографический уровень a
001 Контрольный номер 8c4686536dd443b68e17fd6a09675f51
005 Дата корректировки 20190214120517.8
100 a Данные общей обработки 20190214 ||| 0rusy0189 ca
101 0_ a Язык текста rus
102 a Страна публикации RU
200 1_ f Первые сведения об ответственности Е. Ефремова
a Заглавие О необходимости дифференциации ответственности налогового агента за неперечисление налогов в бюджет
b Общее обозначение материала Текст
210 1_ d Дата издания 2019
461 _0 1 2000
a Хозяйство и право
463 _0 1 2000
a № 1
v С. 109-115
1 2101
d 2019
1 001cfb94728502d4ac0aa74c24815e2406b
606 a Основная рубрика Финансовое право
610 0_ a Ключевые слова НАЛОГОВОЕ ПРАВО
a Ключевые слова НАЛОГИ
a Ключевые слова НАЛОГОВЫЕ СПОРЫ
a Ключевые слова НАЛОГОВАЯ ОТВЕТСТВЕННОСТЬ
700 _1 a Фамилия Ефремова
b Имя Е.
801 _0 a Страна RU
b Организация РГУП
c Дата составления 20190214
g Правила каталогизации PSBO
801 _1 a Страна RU
b Организация РГУП
c Дата составления 20190214
g Правила каталогизации PSBO
901 t Тип документа b
w Контрольный № источника cfb94728502d4ac0aa74c24815e2406b
905 a Дата ввода 20190214